000 00842nam a2200253Ia 4500
003 OSt
005 20220928114526.0
006 a|||||r|||| 00| 0
007 ta
008 220927b |||||||| |||| 00| 0 eng d
024 _a38038
037 _cReference Collections
040 _aSDCL
_cSDCL
_beng
041 _2eng
_aeng
082 _aD65g, M8 RR
100 _aWahi Anil
_9439402
245 0 _aComprehensive guide and directory of foreign collaborations in electronics and telecommunication with policy, procedure and prospects.
260 _aNew Delhi
_bExecutive Business Centre
_c1988
300 _ax,148p.
_ccm.
700 _a Kakar Anil
_9439403
700 _a Malhotra Anil
_9439404
942 _hD65g, M8 RR
_cREF
_2CC
999 _c755102
_d755102